• 首页
  • 本馆介绍
  • 公告通知
  • 最新文献
  • 馆藏检索
  • 电子资源
  • 读者导购
  • 参考咨询
  • 我的图书馆
  • 登录
  • 详细信息显示
  • 放入我的书架
  • 预约/预借图书
  • 作者相关作品
  • 分类相关作品
  • 丛书相关作品
  • 出版社相关作品

书目信息

  • 表格格式
  • 工作单格式
  • 卡片格式
题名:
全IP网络融合
    
 
作者: 塔卢德 , 加西亚 , 加雅希尔莎 主编 ;王玲芳 , 刘洋 译
分册:  
出版信息: 北京   机械工业出版社  2016
页数: 387页
开本: 24cm
丛书名: 国际信息工程先进技术译丛
单 册:
中图分类: TN915.04
科图分类:
主题词: 计算机网络--通信协议
电子资源:
ISBN: 978-7-111-52645-2
000 01294nam0 2200313 450
001 3278
005 20160926084817.07
010    @a978-7-111-52645-2@dCNY99.00
100    @a20160331d2016 em y0chiy50 ea
101 1  @achi@ceng
102    @aCN@b110000
105    @ay z 000yy
200 1  @a全IP网络融合@9quan IP wang luo rong he@dConvergence through All-IP networks@zeng@f(美)阿索克 K. 塔卢克达尔(Asoke K. Talukder),(美)努诺 M. 加西亚(Nuno M. Garcia),(美)加雅希尔莎 G. M. (Jayateertha G. M.)主编@g王玲芳,刘洋等译
210    @a北京@c机械工业出版社@d2016
215    @a387页@d24cm
225 2  @a国际信息工程先进技术译丛
305    @a由Pan stanford出版公司授权出版
330    @a本书共11章,系统讲解了下一代网络(NGN)技术全部体系,内容涵盖骨干网络、各种网元以及大量的用户端设备。
461  0 @1001003483597
510 1  @aConvergence through All-IP networks@zeng
606 0  @a计算机网络@x通信协议
690    @aTN915.04@v5
701  0 @a塔卢德@9ta lu de@c(Talukder, Asoke K)@c(美)@4主编
701  0 @a加西亚@9jia xi ya@c(Garcia, Nuno M.)@c(美)@4主编
701  0 @a加雅希尔莎@9jia ya xi er sha@c(Jayateertha G. M.)@c(美)@4主编
702  0 @a王玲芳@9wang ling fang@4译
702  0 @a刘洋@9liu yang@4译
801  0 @aCN@b唐山师范学院图书馆@c20151001
905    @aZUCC@dTN915.04@e121
    
    全IP网络融合=Convergence through All-IP networks/(美)阿索克 K. 塔卢克达尔(Asoke K. Talukder),(美)努诺 M. 加西亚(Nuno M. Garcia),(美)加雅希尔莎 G. M. (Jayateertha G. M.)主编/王玲芳,刘洋等译.-北京:机械工业出版社,2016
    387页;24cm.-(国际信息工程先进技术译丛)
    
    
    ISBN 978-7-111-52645-2:CNY99.00
    本书共11章,系统讲解了下一代网络(NGN)技术全部体系,内容涵盖骨干网络、各种网元以及大量的用户端设备。
●
相关链接 在E读中查询图书 在五车中查询图书 在当当中查询图书 在豆瓣中查询图书


正题名:全IP网络融合     索取号:TN915.04/121         预约/预借

序号 登录号 条形码 馆藏地/架位号 状态 备注
1 904289   209042891   第二样本阅览室/ [索取号:TN915.04/121] 在馆    
2 904290   209042908   第三借阅区/ [索取号:TN915.04/121] 在馆    
3 904291   209042917   第三借阅区/ [索取号:TN915.04/121] 在馆    
唐山师范学院图书馆 欢迎您!
大连网信软件有限公司© 版权所有